000 00427nam a2200133Ia 4500
008 191206s9999 xx 000 0 und d
020 _a9780852559840 (hbk.
090 _aBV555H29
245 0 _aButterflies & barbarians: Swiss missionaries & systems of knowledge in South-East Africa
260 _aJames Currey
260 _cc2007
300 _a"xvi, 286 p., 8 p. of plates : ill. (some col.), m"
999 _c15621
_d15621